Financial Accounting For B.Com, BBA and Foundation Courses of CA, CS and CMA (8/e) (Record no. 1966)

MARC details
000 -LEADER
fixed length control field 00339nam a22001217a 4500
008 - FIXED-LENGTH DATA ELEMENTS--GENERAL INFORMATION
fixed length control field 260416b |||||||| |||| 00| 0 eng d
020 ## - INTERNATIONAL STANDARD BOOK NUMBER
International Standard Book Number 9789359303222
245 ## - TITLE STATEMENT
Title Financial Accounting For B.Com, BBA and Foundation Courses of CA, CS and CMA (8/e)
250 ## - EDITION STATEMENT
Edition statement KARNATAKA
Remainder of edition statement 8
942 ## - ADDED ENTRY ELEMENTS (KOHA)
Source of classification or shelving scheme Dewey Decimal Classification
Koha item type BOOKS
Suppress in OPAC Yes
Holdings
Withdrawn status Lost status Source of classification or shelving scheme Damaged status Not for loan Home library Current library Date acquired Total checkouts Date last seen Price effective from Koha item type
    Dewey Decimal Classification     Centerville Centerville 16/04/2026   16/04/2026 16/04/2026 BOOKS
    Dewey Decimal Classification     Centerville Centerville 16/04/2026   16/04/2026 16/04/2026 BOOKS